000 01539cam a2200445 i 4500
001 768714001
003 CO-MdFUSB
005 20220426151504.0
007 ta
008 800424s1962 enk b 00000 eng
020 _a0334013518
020 _a334-01156-6
020 _a0664208177
020 _a[No incluye ISBN]
040 _aCO-MdFUSB
_bspa
_cCO-MdFUSB
_dCO-MdFUSBC
_erda
041 _aeng
082 _a222.1207
_bN912
_223
100 1 0 _aNoth, Martin,
_d1902-1968.
240 1 0 _aDas Zwie Buch Mose, Exodus
242 _aExodo
245 1 0 _aExodus :
_ba commentary
_c / Martin Noth ; traducido por J. S. Bowden
264 1 _aLondon :
_bSCM Press,
_c1962.
264 4 _c©1962
300 _a283 páginas. ;
_c23 cm.
_b:
336 _2rdacontent
_atexto
_btxt
337 _2rdamedia
_asin mediación
_bn
338 _2rdacarrier
_avolumen
_bnc
490 4 _aThe Old Testament Library
503 _a"Translated by J.S. Bowden from the German Das zweite Buch Mose, Exodus (Das Alte Testament deutsch 5) published 1959 by Vandenhoeck & Ruprecht, Göottingen."
505 _aÉxodo de Egipto -- El comienzo de la vida de Israel en el desierto -- El pacto en el Sinaí y la primera ordenanza divina .
534 _cDas zweite Buch Mose, Exodus.
_p[Traducción del Alemán]:
563 _aPasta dura
630 0 7 _aBiblia.
_pÉxodo
942 _cBK
945 _aJTF-925
999 _c64032
_d64032